Générique Sonic le rebelle - Paroles - Statistiques

Statistiques générales
  • Ce quiz a été pris 30 fois
  • Le résultat moyen est 19 sur 28
Statistiques - réponses
Paroles % Correct
Sonic le {rebelle}
94%
Sonic le {rebelle}
94%
Sonic le {rebelle}
89%
Sonic le {rebelle}
89%
De retrouver leur {mère}
83%
Les trois sont {nés}
83%
Le trône est sans {roi}
83%
Au fil des {ans}
72%
De retrouver leur {mère}
72%
Et l'heure {viendra}
72%
Fatale {destinée}
72%
J'aimerai voir mes {enfants}
72%
Si la prophétie se {réalisera} ?
72%
Sonic le {rebelle}
72%
Attends dans l'{ombre}
67%
De forcer leur {destin}
67%
Par l'oracle {annoncée}
67%
Arrache-les loin de {toi}
61%
La justice et la {liberté}
56%
Entend leur {voix}
50%
Ils se {jurèrent}
50%
Ils s'instruisent et {défendent}
50%
Mais j'attends à {demain}
50%
Saurais-je en {moi}
50%
Est-ce l'{heure} ?
44%
Ils se {jurèrent}
44%
Et la mère tant {cherchée}
39%
Se {hâter} risquerait
39%
Aucun quiz correspondant
Distribution des résultats
% des personnes avec chaque résultat
Percentile par nombre de réponses
Votre historique - résultats
Vous n’avez pas pris ce quiz